00577nam a2200205Ia 450000500170000000800410001702000150005808200130007310000130008624500600009926000280015930000200018765000120020765000130021965000110023265000120024394200060025595200950026199900150035620241002032323.0240331s9999 xx 000 0 und d a0415048729 bHAMa809 aHamer, M 0aSigns of cleopatra :bhistory, politics, representation aLondonbRoutledgec1993 axxii, 164 p ., aHistory aPolitics aGender aCulture cL 001040708LaWERCLbWERCLcSSCd2024-03-31l0o 809 HAMp2486r2024-03-31w2024-03-31yL c3115d3115